00479nam a2200109Ia 4500008004100000050003000041100002700071245012700098260008600225300002800311521003000339140724s9999 xx 000 0 und d aHF 5549.5.J63b.V216 2009 aVamenia, Ramon Luis P. aLevel of job satisfaction of the College Faculty of Southville International School and Colleges /cRamon Luis P. Vamenia. aLas Piñas, Philippines :bSouthville International School and Colleges,cc2009. a37 p. :bill. ;c28 cm. aHuman Resource Management